00638nam a2200229 a 4500001001300000003000900013005001700022008004100039020000800080082001700088100001700105245001100122260004400133300000900177500003500186505002600221700001700247902000800264942000700272952011400279999001500393nice12345678IN_TiNIC20260116012612.0050524s1975 hyda grp 000 0 urd  ac500a891.41bSAJ1 aSajed, Rizvi aJalway aHyderabadbShia Youth Associationc1975 a176p aincludes index and biblioraphy2 aPublication Date 19881 aSajed, Rizvi bSRS cBK 001040708StackRoom-aHMIbHMId2007-06-21g5.00l0o891.41 SAJ1p012971r2007-06-21v5.00w2005-05-24yBK c7628d7628